000
00303nam a2200133Ia 4500
008
231217s9999 xx 000 0 und d
041
_a
English
082
_a
793.73 JHA;1 R
100
_a
Jha, Nawal Kant
245
0
_a
Cross word puzzles
260
_c
2000
650
_a
word,puzzles
942
_c
AA
999
_c
174883
_d
174883